| 000 | 012350000a22003250004500 | ||
|---|---|---|---|
| 001 | 20817 | ||
| 003 | CO-MdFUSB | ||
| 005 | 20230126165958.0 | ||
| 008 | 160506b xxu||||| |||| 00| 0 eng d | ||
| 020 | _a978-84-87699-44-3 | ||
| 020 | _a84-87699-44-8 | ||
| 040 |
_cCO-MdFUSB _dCO-MdFUSB _aCO-MdFUSB _bspa _erda |
||
| 041 | _aspa | ||
| 082 |
_223 _a296.815 _bG215t |
||
| 100 | 1 | _aGarcía Martínez, Florentino | |
| 245 | 0 | 0 |
_aTextos del Qumrán _c/ edición y traducción de Florentino García Martínez |
| 250 | _aSexta edición | ||
| 264 |
_aMadrid, España _b : Trotta, _c2009 |
||
| 300 |
_a526 páginas _c; |
||
| 336 |
_2rdacontent _atexto _btxt |
||
| 337 |
_2rdamedia _asin mediación _bn |
||
| 338 |
_2rdacarrier _avolumen _bnc |
||
| 490 | _aColección Estructuras y procesos : Serie Religión | ||
| 500 | _arústico | ||
| 505 | _aReglas -- Textos Haláquicos -- Literatura de contenido escatológico -- Literatura exegética -- Literatura para-Bíblica -- Textos poéticos -- Textos litúrgicos -- Textos astronómicos, calendarios y horóscopos -- El Rollo de Cobre -- Lista de los manuscritos de Qumrán | ||
| 650 | 7 |
_980 _aComunidad de Qumrán |
|
| 942 | _cREF | ||
| 945 | _aJTF-925 | ||
| 999 |
_c47168 _d47168 |
||